Wird geladen...
നാരായണീയം
| Hauptverfasser: | , |
|---|---|
| Format: | Printed Book |
| Veröffentlicht: |
Tvpm;
Thiruvithamkoor Sarkar Achukoodam;
|
| Schlagworte: |
| LEADER | 00590nam a22001577a 4500 | ||
|---|---|---|---|
| 082 | |b SAM/N |a 808.8132 | ||
| 100 | |a Sambasiva Sasthri K |9 322243 | ||
| 100 | |a സാമ്പശിവ ശാസ്ത്രി കെ |9 322244 | ||
| 240 | |a Narayaneeyam | ||
| 245 | |a നാരായണീയം | ||
| 260 | |a Tvpm; |b Thiruvithamkoor Sarkar Achukoodam; | ||
| 300 | |a 328p. | ||
| 650 | |a Malayalam; Ancient Poetry |9 322245 | ||
| 942 | |c BK | ||
| 999 | |c 75681 |d 75681 | ||
| 952 | |0 0 |1 0 |4 0 |6 808_813200000000000_SAM_N |7 0 |8 ANCP |9 88960 |a MAL |b MAL |d 2017-03-27 |e 2595 |l 0 |o 808.8132 SAM/N |p MAL002595 |r 2017-03-27 |t 1 |w 2017-03-27 |y BK | ||